Normal view
MARC view
- Wing, R. L
Entry Personal Name
001 - CONTROL NUMBER
- control field: 109919
003 - CONTROL NUMBER IDENTIFIER
- control field: NUST
005 - DATE AND TIME OF LATEST TRANSACTION
- control field: 20230307095427.0
008 - FIXED-LENGTH DATA ELEMENTS
- fixed length control field: 230307|| aca||aabn | a|a d
040 ## - CATALOGING SOURCE
- Original cataloging agency: NUST
- Transcribing agency: NUST
100 ## - HEADING--PERSONAL NAME
- Personal name: Wing, R. L
670 ## - SOURCE DATA FOUND
- Source citation: Work cat.: (NUST)185345: Creveld, Martin Van 51470, The art of war and military thought /, 2000
